| 000 | 00988nam a22002777a 4500 | ||
|---|---|---|---|
| 003 | DO-SdBNP | ||
| 005 | 20240305102801.0 | ||
| 007 | ta | ||
| 008 | 211117b2018 a|||e |||| 001 0 spa d | ||
| 020 | _a9789945580600 | ||
| 040 |
_aDO-SdBNP _bspa _cBNPHU |
||
| 082 | 4 |
_222 _a345.05 _bT683c |
|
| 100 | 1 | 0 |
_aToribio Ventura, Martha _980633 |
| 245 | 1 | 0 |
_aCurso didáctico de derecho procesal penal / _cMartha Toribio Ventura ... [et.al.] ; editor Lennys Tejada Betancourt |
| 260 |
_aSantiago de los Caballeros, Rep. Dom. : _bUAPA, _c2018. |
||
| 300 |
_a366 p. : (18) _bil.; _c27 cm |
||
| 490 |
_aAutoaprendizaje ; _vv,14 |
||
| 504 | _aIncluye referecias bibliográficas | ||
| 590 | _aInventariado, 2021 / SA | ||
| 650 | 4 | 0 |
_964490 _aProcedimiento penal _xCurso _zRepública Dominicana |
| 700 | 1 |
_aMarrero de Rivas, Marleny María _980656 |
|
| 700 | 1 |
_aJesús Tavera, Jasinto de _980657 |
|
| 700 |
_979591 _aTejada Betancourt, Lennys _eeditor |
||
| 910 | _aSaquino | ||
| 942 |
_2ddc _cLBS1 |
||
| 999 |
_c50984 _d50984 |
||